Manual del inquisidor ; (Registro nro. 11065)

Detalles MARC
000 -LIDER
fixed length control field 01294nam a22003617a 4500
001 - NÚMERO DE CONTROL
Identificador de número de control
003 - IDENTIFICACDOR DE NÚMERO DE CONTROL
control field DO-SdBNP
005 - DATE AND TIME OF LATEST TRANSACTION
control field 20230324080705.0
007 - CAMPOS FIJOS DE DESCRIPCIÓN FÍSICA
fixed length control field 000431
008 - ELEMENTOS DE LONGITUD FIJA
fixed length control field 160801b 2003 a mx ||||| |||| 00| 0 spa d
020 ## - ISBN
International Standard Book Number 9681912233
020 ## - ISBN
International Standard Book Number 9789681912239
040 ## - FUENTE DE CATALOGACIÓN
Agencia que crea de manera original el registro BPMSU
Idioma de catalogación spa
Agencia que realiza la transcripción BPMSU
082 #4 - NÚMERO DE CLASIFICACIÓN DECIMAL DE DEWEY
Classification number 272.2
Item number E97m 2003
Edition number 22
100 1# - ASIENTO PRINCIPAL -- NOMBRE PERSONAL
Nombre personal Eymeric, Nicolau
Fechas asociadas con el nombre 1320-1399
Numeración
245 10 - MENCIÓN DE TITULO
Título Manual del inquisidor ;
Subtítulo Una mirada a la magia /
Mención de responsabilidad Nicolau Eymeric ; prólogo José Luis Trueba Lara ; Pico de la Mirandola ... [et al.].
246 13 - VARIACION DEL TÍTULO
Institución que aplica el campo Una mirada a la magia: los magos,sus prácticas y su mundo
260 ## - PUBLICACIÓN, DISTRIBUCIÓN, ETC. (PIE DE IMPRENTA)
Lugar de publicación, distribución, etc México :
Nombre del editor, distribuidor, etc. Alamah,
Fecha de publicación, distribución, etc 2003.
300 ## - DESCRIPCIÓN FÍSICA
Extensión 110, 103 p. :
Otros detalles físicos il. ;
Dimensiones 16 cm.
490 0# - MENCIÓN DE SERIES
Mención de serie Alamah. Esoterismo
500 ## - NOTA GENERAL
Nota general Incluye referencias bibliográficas y notas al pie de las páginas.
563 ## - INFORMACIÓN DE LA ENCUADERNACIÓN
Nota de la encuadernación Dos obras encuadernadas juntas con paginación invertida.
590 ## - NOTA LOCAL
Enlace Inventariado, 2023/VM
650 #4 - ENCABEZAMIENTO DE MATERIA--TEMÁTICO
Término temático o nombre geográfico como elemento de entrada Inquisición
Subdivisión de forma Manuales
650 #4 - ENCABEZAMIENTO DE MATERIA--TEMÁTICO
Término temático o nombre geográfico como elemento de entrada Magia
650 #4 - ENCABEZAMIENTO DE MATERIA--TEMÁTICO
Término temático o nombre geográfico como elemento de entrada Santería
650 #4 - ENCABEZAMIENTO DE MATERIA--TEMÁTICO
Término temático o nombre geográfico como elemento de entrada Brujería
700 1# - ASIENTO SECUNDARIO -- NOMBRE PERSONAL
Nombre personal Mirandola, Pico de la
700 1# - ASIENTO SECUNDARIO -- NOMBRE PERSONAL
Nombre personal Trueba Lara, José Luis,
Mención de responsabilidad pról.
740 02 - ASIENTO SECUNDARIO DE TÍTULOS RELACIONADOS O ANALÍTICOS NO CONTROLADOS
Título analítico o relacionado no controlado Una mirada a la magia : los magos, sus prácticas y su mundo
910 ## - VALIDACIÓN
Validación LOPEREZ/ VMateo V. Control de calidad (BPMSU)
942 ## - ADDED ENTRY ELEMENTS (KOHA)
Source of classification or shelving scheme Dewey Decimal Classification
Koha item type Libros
Existencias
Withdrawn status Lost status Source of classification or shelving scheme Damaged status Not for loan Collection code Home library Current library Date acquired Source of acquisition Full call number Barcode Date last seen Price effective from Koha item type Copy number Total Checkouts
    Dewey Decimal Classification     Colección General Biblioteca Pública Metropolitana Salomé Ureña Biblioteca Pública Metropolitana Salomé Ureña 08/01/2016 Alfaguara BPMSU CG 272.2 E97m 2003 BPMSU16080009 08/01/2016 08/01/2016 Libros    
    Dewey Decimal Classification     Colección General Biblioteca Pública Metropolitana Salomé Ureña Biblioteca Pública Metropolitana Salomé Ureña 08/30/2016 Alfaguara BPMSU CG 272.2 E97m 2003 BPMSU16080304 08/30/2016 08/30/2016 Libros e.2  
    Dewey Decimal Classification     Colección General Biblioteca Pública Metropolitana Salomé Ureña Biblioteca Pública Metropolitana Salomé Ureña 08/30/2016 Alfaguara BPMSU CG 272.2 E97m 2003 BPMSU16080305 08/30/2016 08/30/2016 Libros e.3